| 000 | 00000cam 2200000zi 4500 |
| 001 | 9.960278 |
| 003 | CaOODSP |
| 005 | 20260512084633 |
| 006 | m o d f |
| 007 | cr cn||||||||| |
| 008 | 260224t20262026onca ob f000 0 eng d |
| 020 | |a9780660986043 |
| 040 | |aCaOODSP|beng|erda|cCaOODSP |
| 043 | |an-cn--- |
| 086 | 1 |aFA1-26/2026-1-4E-PDF |
| 110 | 1 |aCanada. |bCommissioner of the Environment and Sustainable Development, |eauthor, |eissuing body. |
| 245 | 10|aAvian influenza : |bindependent auditor's report. |
| 264 | 1|a[Ottawa] : |bOffice of the Auditor General of Canada = Bureau du vérificateur général du Canada, |c2026. |
| 264 | 4|c©2026 |
| 300 | |a1 online resource (v, 30 pages) : |billustrations. |
| 336 | |atext|btxt|2rdacontent |
| 337 | |acomputer|bc|2rdamedia |
| 338 | |aonline resource|bcr|2rdacarrier |
| 490 | 1 |aReport of the Commissioner of the Environment and Sustainable Development to the Parliament of Canada on behalf of the Auditor General of Canada, |x2561-1801 |
| 500 | |aIssued also in French under title: La grippe aviaire : rapport de l'auditeur indépendant. |
| 500 | |aTitle from cover. |
| 504 | |aIncludes bibliographical references. |
| 610 | 10|aCanada. |bEnvironment and Climate Change Canada|xAuditing. |
| 610 | 20|aCanadian Food Inspection Agency|xAuditing. |
| 610 | 20|aPublic Health Agency of Canada|xAuditing. |
| 650 | 0|aAvian influenza|xVaccination|zCanada|xAuditing. |
| 650 | 0|aAvian influenza|zCanada|xPrevention|xAuditing. |
| 650 | 0|aMigratory birds|xConservation|zCanada. |
| 775 | 08|tLa grippe aviaire : |w(CaOODSP)9.960279 |
| 830 | #0|aReports of the Commissioner of the Environment and Sustainable Development to the Parliament of Canada.|w(CaOODSP)9.842750 |
| 856 | 40|qPDF|s2.32 MB|uhttps://publications.gc.ca/collections/collection_2026/bvg-oag/FA1-26-2026-1-4-eng.pdf |
| 856 | 4 |qHTML|sN/A|uhttps://www.canada.ca/en/auditor-general/our-work/audit-reports/commissioner-environment-sustainable-development-202605-avian-influenza.html |